Nome completo dal suo acronimo - Statistics

Statistiche generali
  • Questo quiz è stato fatto 38 volte
  • Il punteggio medio è 6 su 25
Statistiche sulle risposte
Acronimo Descrizione Nome completo % Corretto
WWW Servizio per la navigazione di internet World Wide Web
77%
FIGC Associazione sportiva italiana Federazione Italiana Giuoco Calcio
71%
ONU Associazione intergovernativa per la pace Organizzazione delle Nazioni Unite
63%
INPS Ente pubblico italiano Istituto nazionale della previdenza sociale
54%
OMS Agenzia delle Nazioni Unite Organizzazione mondiale della sanità
54%
FIAT Società automobilistica italiana Fabbrica Italiana Automobili Torino
49%
FBI Agenzia governativa di polizia statunitense Federal Bureau of Investigation
46%
Rai Società televisiva pubblica italiana Radiotelevisione Italiana
40%
ENI Società petrolifera italiana Ente Nazionale Idrocarburi
34%
CIA Servizi segreti statunitensi Central Intelligence Agency
26%
ISTAT Ente pubblico italiano Istituto nazionale di statistica
23%
MIT Università statunitense Massachusetts Institute of Technology
17%
TIM Società telefonica italiana Telecom Italia Mobile
14%
NATO Alleanza militare intergovernativa North Atlantic Treaty Organization
9%
UEFA Società sportiva Europea Union of European Football Associations
9%
BMW Società automobilistica tedesca Bayerische Motoren Werke
6%
CGIL Sindacato italiano Confederazione Generale Italiana del Lavoro
6%
FIMI Associazione musicale italiana Federazione Industria Musicale Italiana
3%
CONAD Società di supermercati italiana Consorzio Nazionale Dettaglianti
0%
IBM Società informatica statunitense International Business Machines Corporation
0%
NASA Agenzia governativa aerospaziale statunitense National Aeronautics and Space Administration
0%
OPEC Associazione intergovernativa per il petrolio Organization of the Petroleum Exporting Countries
0%
RTL Emittente radiofonica italiana Radio Trasmissioni Lombarde
0%
UNESCO Agenzia delle Nazioni Unite United Nations Educational, Scientific and Cultural Organization
0%
UNICEF Agenzia delle Nazioni Unite United Nations International Children's Emergency Fund
0%
Nessun quiz corrispondente trovato
Distribuzione punteggi
Percentuale di utenti per punteggio
Percentile per numero di risposta
I tuoi punteggi nel tempo
Non hai fatto questo quiz